000
00311nam a22001337a 4500
020
_a
NA
082
_2
22
_a
338.5024658
100
_a
Salvatore Dominick.
245
_a
Managerial economics /
250
_a
3rd
260
_a
Mc Graw Hill,
_b
Mc Graw Hill,
_c
c1996
300
_a
273 p,;
_b
NA
_c
24cm.
942
_2
ddc
_c
GEN
999
_c
1724
_d
1724